[Event "5eme LUCOPEN"]
[Site "Lille"]
[Date "2014.04.29"]
[Round "2.25"]
[White "Kathstede, Gerd"]
[Black "Verges, Brice"]
[Result "0-1"]
[WhiteElo "2120"]
[BlackElo "1838"]
[PlyCount "100"]

1. e4 c5 2. Nc3 g6 3. f4 d6 4. Nf3 Bg7 5. Bb5+ Bd7 6. Bc4 e6 7. d3 Ne7 8. O-O
O-O 9. Qe1 a6 10. a4 Nbc6 11. g4 d5 12. Bb3 Qb6 13. Kh1 Na5 14. Ba2 c4 15. Qh4
Rfe8 16. Ne5 Qc7 17. Nxd7 Qxd7 18. f5 exf5 19. gxf5 gxf5 20. Bh6 Ng6 21. Qh5
fxe4 22. Nxd5 Re5 23. Bxg7 Kxg7 24. Qxh7+ Kxh7 25. Nf6+ Kg7 26. Nxd7 Re7 27.
Nb6 Rh8 28. Nxc4 Nxc4 29. Bxc4 Ne5 30. Rae1 Nxc4 31. dxc4 Rh5 32. Re3 f5 33.
Rf2 Kf6 34. c3 Ke5 35. Rfe2 Rg7 36. b3 Rhg5 37. h3 Rg3 38. Kh2 Rxe3 39. Rxe3 f4
40. Re1 e3 41. h4 Ke4 42. h5 Rg5 43. h6 Rh5+ 44. Kg1 f3 45. Rc1 f2+ 46. Kg2
Rg5+ 47. Kh3 Rg1 48. h7 f1=Q+ 49. Rxf1 Rxf1 50. h8=Q Rh1+ 0-1

[Event "5eme LUCOPEN"]
[Site "Lille"]
[Date "2014.04.29"]
[Round "2"]
[White "Dijkhuis, Sven"]
[Black "Lucas, Jean"]
[Result "1-0"]
[WhiteElo "1993"]
[BlackElo "1748"]
[PlyCount "53"]

1. e4 e5 2. Nf3 Nc6 3. Bb5 f5 4. Nc3 fxe4 5. Nxe4 d5 6. Nxe5 dxe4 7. Nxc6 Qg5
8. Qe2 Nf6 9. f4 Qxf4 10. Nxa7+ Bd7 11. Bxd7+ Nxd7 12. d4 Qf5 13. Nb5 O-O-O 14.
Rf1 Qd5 15. Bf4 Bd6 16. Bxd6 cxd6 17. Rf5 Qe6 18. d5 Qg6 19. O-O-O Nc5 20. Rdf1
Rhe8 21. b4 Na6 22. Na7+ Kb8 23. Nc6+ bxc6 24. Qxa6 cxd5 25. Qb6+ Ka8 26. Rxd5
Re5 27. Qxd8+ 1-0

[Event "5eme LUCOPEN"]
[Site "Lille"]
[Date "2014.04.29"]
[Round "2"]
[White "Arizmendi Martinez, Julen Luis"]
[Black "Bannink, Bernard"]
[Result "1-0"]
[WhiteElo "2542"]
[BlackElo "2248"]
[PlyCount "71"]

1. Nf3 d5 2. c4 c6 3. e3 Nf6 4. Nc3 a6 5. Qc2 b5 6. b3 g6 7. Bb2 Bf5 8. Bd3
Bxd3 9. Qxd3 Bg7 10. cxd5 Nxd5 11. O-O-O O-O 12. Nxd5 Bxb2+ 13. Kxb2 cxd5 14.
Rc1 Qd6 15. Qc3 Ra7 16. d4 Nd7 17. Qc6 Qxc6 18. Rxc6 Rb8 19. Rhc1 e6 20. a3 Kf8
21. Ne5 Nxe5 22. dxe5 Rd8 23. Kc3 a5 24. Kd4 a4 25. b4 Rdd7 26. f4 Rab7 27. g4
f5 28. h3 fxg4 29. hxg4 Ke7 30. Rc8 Rd8 31. R1c7+ Rd7 32. Rc6 Rd8 33. R6c7+ Rd7
34. Rc5 Rb6 35. Rh8 Rbb7 36. Rcc8 1-0

[Event "5eme LUCOPEN"]
[Site "Lille"]
[Date "2014.04.29"]
[Round "2"]
[White "Chatalbashev, Boris"]
[Black "Huesmann, Thomas"]
[Result "1-0"]
[WhiteElo "2520"]
[BlackElo "2217"]
[PlyCount "51"]

1. d4 f5 2. g3 Nf6 3. Bg2 g6 4. Nh3 Bg7 5. Nf4 d6 6. d5 Na6 7. h4 e5 8. dxe6 c6
9. h5 Nxh5 10. Nxh5 gxh5 11. e4 Bxe6 12. Qxh5+ Kd7 13. exf5 Qa5+ 14. Nd2 Qxf5
15. Qd1 Rae8 16. O-O Rhf8 17. Ne4 Bd5 18. Nxd6 Kxd6 19. c4 Nc7 20. Be3 b5 21.
cxd5 Nxd5 22. Rc1 Rf7 23. Bf4+ Kd7 24. Bxd5 cxd5 25. Rc5 Qe4 26. Rc7+ 1-0

[Event "5eme LUCOPEN"]
[Site "Lille"]
[Date "2014.04.29"]
[Round "2"]
[White "Sargissyan, Sargis"]
[Black "Lagarde, Maxime"]
[Result "0-1"]
[WhiteElo "2283"]
[BlackElo "2510"]
[PlyCount "58"]

1. e4 c5 2. Nf3 Nc6 3. d4 cxd4 4. Nxd4 Qb6 5. Nb3 Nf6 6. Nc3 e6 7. Be3 Qc7 8.
Bd3 Be7 9. f4 d6 10. Qf3 a6 11. g4 b5 12. O-O-O Bb7 13. g5 Nd7 14. Qh3 Nb4 15.
Kb1 O-O 16. Rhg1 Rfe8 17. f5 exf5 18. exf5 Nxd3 19. cxd3 g6 20. fxg6 hxg6 21.
Rdf1 Ne5 22. d4 Qd7 23. Qg3 Nc4 24. Bc1 Bf8 25. Re1 b4 26. Nd1 a5 27. Nd2 Qf5+
28. Ka1 Qc2 29. Nxc4 Qxc1# 0-1

[Event "5eme LUCOPEN"]
[Site "Lille"]
[Date "2014.04.29"]
[Round "2"]
[White "Guedon, Stephane"]
[Black "Neelotpal, Das"]
[Result "0-1"]
[WhiteElo "2210"]
[BlackElo "2428"]
[PlyCount "72"]

1. d4 d5 2. c4 c6 3. Nf3 Nf6 4. Nc3 e6 5. e3 Nbd7 6. Bd3 dxc4 7. Bxc4 b5 8. Bd3
Bd6 9. O-O Bb7 10. b3 a6 11. Bb2 c5 12. Qe2 O-O 13. Rfd1 Qb8 14. h3 Re8 15. a4
b4 16. Nb1 cxd4 17. Nxd4 Bf8 18. Nd2 Nc5 19. Bc4 Nd5 20. Rac1 Nb6 21. Qg4 Nxc4
22. Nxc4 Bd5 23. f4 f6 24. Rc2 Qa7 25. Kh2 Rac8 26. a5 Nxb3 27. Nxb3 Rxc4 28.
Rxc4 Bxc4 29. Nd2 Bb5 30. Ne4 f5 31. Nf6+ Kh8 32. Nxe8 fxg4 33. Rd8 g3+ 34.
Kxg3 Qxe3+ 35. Kh2 Qxf4+ 36. Kh1 Bxe8 0-1

[Event "5eme LUCOPEN"]
[Site "Lille"]
[Date "2014.04.29"]
[Round "2"]
[White "Janev, Evgeni"]
[Black "Johnsen, Gunnar"]
[Result "1-0"]
[WhiteElo "2427"]
[BlackElo "2130"]
[PlyCount "101"]

1. e4 e6 2. d4 d5 3. Nd2 Nf6 4. e5 Nfd7 5. Bd3 c5 6. c3 Nc6 7. Ne2 a5 8. O-O
cxd4 9. cxd4 Nb6 10. Nf3 Be7 11. a3 Bd7 12. Nc3 a4 13. Bc2 Kf8 14. Ne1 h5 15.
Rb1 Qe8 16. Be3 Na5 17. f4 g6 18. Nd3 Nbc4 19. Bf2 b5 20. Nc5 Rb8 21. Na2 Kg7
22. Nb4 Rc8 23. Qe2 Bc6 24. Kh1 Ba8 25. Bg1 Rxc5 26. dxc5 Nb7 27. f5 gxf5 28.
Bxf5 Nxc5 29. Bc2 Ne4 30. Bd4 Rh6 31. Rbd1 h4 32. Rf3 Ng3+ 33. Rxg3+ hxg3 34.
Qg4+ Kh8 35. Qxg3 Qg8 36. Qf3 Qg7 37. Nd3 f6 38. Re1 f5 39. Nf4 Qg5 40. Re2 Bc6
41. Bd3 Be8 42. Bxc4 bxc4 43. Rf2 Qg8 44. Kg1 Bg5 45. Qd1 Rh4 46. Be3 Bc6 47.
Qd4 Rh7 48. Rf3 Rh4 49. Rg3 Rg4 50. Rh3+ Kg7 51. Qa7+ 1-0

[Event "5eme LUCOPEN"]
[Site "Lille"]
[Date "2014.04.29"]
[Round "2"]
[White "Roger, Mehdi"]
[Black "Cawdery, Daniel"]
[Result "0-1"]
[WhiteElo "2202"]
[BlackElo "2395"]
[PlyCount "90"]

1. d4 Nf6 2. c4 g6 3. Nc3 d5 4. cxd5 Nxd5 5. e4 Nxc3 6. bxc3 Bg7 7. Bc4 c5 8.
Ne2 Nc6 9. Be3 O-O 10. O-O Na5 11. Bd3 b6 12. Rc1 e5 13. dxc5 Be6 14. cxb6 axb6
15. c4 Qb8 16. Rc3 Rc8 17. Qc2 Bf8 18. Rb1 Bc5 19. Bxc5 Rxc5 20. Nc1 Qd8 21.
Nb3 Rcc8 22. Nxa5 Rxa5 23. Rb5 Ra7 24. Bf1 Rd7 25. Rd3 Bxc4 26. Rxd7 Qxd7 27.
Qxc4 Rxc4 28. Bxc4 Qd4 29. Bf1 Kg7 30. Rb1 f5 31. exf5 gxf5 32. Re1 f4 33. g3
Kf6 34. gxf4 exf4 35. Rb1 Ke7 36. Rb5 Qg7+ 37. Kh1 Qa1 38. Kg1 Qg7+ 39. Kh1 Qd4
40. Kg1 Kd6 41. a4 f3 42. a5 Qg7+ 43. Kh1 Qa1 44. Kg1 bxa5 45. Rf5 a4 0-1

[Event "5eme LUCOPEN"]
[Site "Lille"]
[Date "2014.04.29"]
[Round "2"]
[White "Loiseau, Quentin"]
[Black "Faure, Stephane"]
[Result "0-1"]
[WhiteElo "2388"]
[BlackElo "2081"]
[PlyCount "94"]

1. Nf3 Nf6 2. c4 e6 3. g3 d5 4. d4 Be7 5. Bg2 O-O 6. O-O Re8 7. Qc2 a6 8. Nbd2
c5 9. dxc5 d4 10. Nb3 Nc6 11. Rd1 e5 12. e3 a5 13. exd4 a4 14. dxe5 axb3 15.
Qxb3 Nd7 16. Rd5 Qa5 17. Bd2 Nxc5 18. Qe3 Qa7 19. b4 Ne6 20. c5 Nc7 21. Rd3 Bf5
22. Rb3 Be6 23. Rbb1 Nd5 24. Qe1 Qa4 25. a3 h6 26. Bf1 Bf5 27. Rd1 Bf6 28. Bf4
Nxf4 29. gxf4 Bg4 30. Qc3 Be7 31. Bc4 Rad8 32. Rxd8 Rxd8 33. Kg2 Bxf3+ 34. Qxf3
Qc2 35. Bd5 Qg6+ 36. Kf1 Nd4 37. Qe4 Rxd5 38. Qxd5 Qd3+ 39. Kg2 Qc3 40. Rd1 Ne6
41. Qf3 Qc4 42. Qxb7 Nxf4+ 43. Kh1 Qe2 44. Qa8+ Kh7 45. Rb1 Bh4 46. a4 Bxf2 47.
h4 Bg3 0-1

[Event "5eme LUCOPEN"]
[Site "Lille"]
[Date "2014.04.29"]
[Round "2"]
[White "Petrosian, Suren"]
[Black "Soubirou, Oriane"]
[Result "1-0"]
[WhiteElo "2374"]
[BlackElo "2060"]
[PlyCount "93"]

1. e4 e6 2. d4 d5 3. Nd2 Nc6 4. Ngf3 Nf6 5. e5 Nd7 6. Bb5 f6 7. exf6 Qxf6 8.
Qe2 Bd6 9. c4 O-O 10. O-O e5 11. dxe5 Ndxe5 12. cxd5 Qh6 13. dxc6 Rxf3 14. Qxe5
Bxe5 15. Nxf3 Bf4 16. Re1 Bxc1 17. Raxc1 a6 18. Rcd1 axb5 19. Rd8+ Kf7 20. Ne5+
Ke7 21. cxb7 Bxb7 22. Rxa8 Bxa8 23. Ng4+ Qe6 24. Rxe6+ Kxe6 25. f3 c5 26. Kf2
h5 27. Ne3 g5 28. Nd1 Bc6 29. Ke3 g4 30. Nf2 gxf3 31. gxf3 Ke5 32. h4 c4 33. a3
Bd7 34. Ne4 Bc6 35. Ng3 Be8 36. f4+ Kd5 37. Ne4 Bg6 38. Ng5 Bf5 39. Nf3 Bg6 40.
Nd4 Be8 41. Ne2 Bg6 42. Ng3 Be8 43. Kd2 Bg6 44. Kc3 Kc5 45. f5 Bf7 46. Ne4+ Kd5
47. Ng5 1-0

[Event "5eme LUCOPEN"]
[Site "Lille"]
[Date "2014.04.29"]
[Round "2"]
[White "Haussernot, Cecile"]
[Black "Vuilleumier, Alexandre"]
[Result "0-1"]
[WhiteElo "2003"]
[BlackElo "2335"]
[PlyCount "54"]

1. e4 d6 2. d4 Nf6 3. Nc3 e5 4. Nf3 Nbd7 5. Bc4 Be7 6. h3 c6 7. Bb3 O-O 8. Be3
b5 9. Qd3 exd4 10. Bxd4 a5 11. a4 b4 12. Ne2 Ba6 13. Qe3 c5 14. Bxf6 Bxf6 15.
Bd5 Rb8 16. O-O-O g6 17. g4 Bg7 18. g5 Nb6 19. e5 Qe8 20. Ng3 Qxa4 21. Ne4 Qa1+
22. Kd2 Qxb2 23. Bb3 dxe5 24. Qxc5 Rfd8+ 25. Ke3 Rdc8 26. Qxa5 Rxc2 27. Qxb4
Re2# 0-1

[Event "5eme LUCOPEN"]
[Site "Lille"]
[Date "2014.04.29"]
[Round "2"]
[White "Hauseux, Paul"]
[Black "Maiorov, Nikita"]
[Result "0-1"]
[WhiteElo "1838"]
[BlackElo "2522"]
[PlyCount "56"]

1. e4 e5 2. Nf3 Nc6 3. d4 exd4 4. Nxd4 Bc5 5. c3 Nge7 6. Bc4 O-O 7. O-O d6 8.
Be3 Bb6 9. Nxc6 bxc6 10. Bxb6 axb6 11. Nd2 Kh8 12. Nf3 Ng6 13. Qd2 Ra5 14. Nd4
Qh4 15. f3 Nf4 16. Qf2 Qh6 17. Ne2 Ng6 18. Ng3 Rc5 19. Be2 Nf4 20. Rfe1 Rg5 21.
Bf1 Rg6 22. Rad1 Qh4 23. e5 d5 24. Kh1 Rh6 25. h3 Bxh3 26. gxh3 Nxh3 27. Bxh3
Qxh3+ 28. Kg1 Rg6 0-1

[Event "5eme LUCOPEN"]
[Site "Lille"]
[Date "2014.04.29"]
[Round "2"]
[White "Franck, Boris"]
[Black "Verriere, Nicolas"]
[Result "1/2-1/2"]
[WhiteElo "2105"]
[BlackElo "1844"]
[PlyCount "50"]

1. e4 c5 2. c3 Nf6 3. e5 Nd5 4. d4 cxd4 5. cxd4 d6 6. Nf3 Nc6 7. Bc4 Nb6 8. Bb3
dxe5 9. d5 Na5 10. Nc3 Bg4 11. Be3 Nxb3 12. Qxb3 Bxf3 13. gxf3 g6 14. Nb5 Bg7
15. Rd1 O-O 16. Nxa7 Nd7 17. Qxb7 Qa5+ 18. b4 Qa4 19. Nc6 Nf6 20. Nxe7+ Kh8 21.
Bc5 Rfb8 22. Qc6 Qxa2 23. O-O e4 24. f4 Qe2 25. Bd6 Qg4+ 1/2-1/2

[Event "5eme LUCOPEN"]
[Site "Lille"]
[Date "2014.04.29"]
[Round "2"]
[White "Baude, Christian"]
[Black "Smith, Axel"]
[Result "0-1"]
[WhiteElo "1803"]
[BlackElo "2478"]
[PlyCount "112"]

1. e4 e6 2. Nf3 c5 3. g3 Nc6 4. Bg2 Nf6 5. d3 d6 6. O-O Be7 7. b3 O-O 8. Bb2
Nd7 9. Nbd2 b5 10. a4 b4 11. Nc4 Bb7 12. Re1 Qc7 13. Qd2 Nde5 14. Nfxe5 dxe5
15. f4 exf4 16. Qxf4 e5 17. Qf2 Nd4 18. Rad1 g6 19. Bxd4 cxd4 20. g4 Bg5 21. h4
Bf4 22. Bf3 Kh8 23. Re2 Rg8 24. Kg2 Raf8 25. Rh1 h5 26. Qe1 hxg4 27. Bxg4 f5
28. Bf3 fxe4 29. Bxe4 Qd7 30. Kg1 Bxe4 31. dxe4 d3 32. cxd3 Qxd3 33. Nd2 Rc8
34. Kg2 Rc2 35. Rh3 Qxe2+ 36. Qxe2 Rxd2 37. Qxd2 Bxd2 38. Rd3 Bc3 39. Kg3 Rf8
40. Rd7 Bd4 41. Kg4 Be3 42. Rb7 Rf4+ 43. Kg3 Bf2+ 44. Kg2 Bd4 45. Rxb4 Rxh4 46.
Rb7 Rxe4 47. b4 Rg4+ 48. Kf3 Rf4+ 49. Kg3 Bf2+ 50. Kg2 e4 51. a5 e3 52. Kf1 Rd4
53. b5 Rd2 54. Rxa7 Bh4 55. Ra8+ Kg7 56. Re8 Rf2+ 0-1

[Event "5eme LUCOPEN"]
[Site "Lille"]
[Date "2014.04.29"]
[Round "2"]
[White "Creton, Sylvain"]
[Black "Malassagne, Isabelle"]
[Result "0-1"]
[WhiteElo "1750"]
[BlackElo "2045"]
[PlyCount "72"]

1. e4 e5 2. Nf3 Nc6 3. Bb5 a6 4. Ba4 Nf6 5. d3 b5 6. Bb3 Be7 7. c3 O-O 8. O-O
h6 9. h3 Re8 10. Be3 d5 11. Nbd2 Bf8 12. Bc2 Bb7 13. Nb3 Nb8 14. Na5 Bc8 15. b4
c5 16. a3 Qc7 17. Nb3 Nbd7 18. Qb1 Bb7 19. Na5 Rac8 20. Nxb7 Qxb7 21. Nd2 d4
22. Qe1 dxe3 23. Qxe3 cxb4 24. c4 bxa3 25. g4 Bc5 26. Qg3 Nf8 27. Bd1 Ne6 28.
Qxe5 Bd4 29. Qg3 Bxa1 30. f4 Bd4+ 31. Kh1 a2 32. g5 hxg5 33. fxg5 a1=Q 34. gxf6
Bxf6 35. Nf3 Nc5 36. Nh4 Nxe4 0-1

[Event "5eme LUCOPEN"]
[Site "Lille"]
[Date "2014.04.29"]
[Round "2"]
[White "Ponnet, Jean"]
[Black "Ladisic, Alex-Sacha"]
[Result "1-0"]
[WhiteElo "1744"]
[BlackElo "2028"]
[PlyCount "63"]

1. e4 e5 2. Bc4 Nf6 3. d3 Nc6 4. Nf3 Be7 5. O-O O-O 6. c3 d6 7. Re1 Na5 8. Bb5
a6 9. Ba4 c5 10. c4 Rb8 11. Nc3 h6 12. h3 Qc7 13. Nh2 Nc6 14. Bxc6 Qxc6 15. a4
b6 16. f4 exf4 17. Bxf4 Rb7 18. Nf1 Nd7 19. Nd5 Ne5 20. Nfe3 Bg5 21. Bxg5 hxg5
22. Nf5 Bxf5 23. exf5 Qc8 24. f6 gxf6 25. Nxf6+ Kg7 26. Rf1 Rh8 27. Qd2 Rh6 28.
Qxg5+ Rg6 29. Nh5+ Kf8 30. Qh4 Rh6 31. Rf6 Ng6 32. Qg5 1-0

[Event "5eme LUCOPEN"]
[Site "Lille"]
[Date "2014.04.29"]
[Round "2"]
[White "Doossche, Carlo"]
[Black "Gros, Patrick"]
[Result "0-1"]
[WhiteElo "1742"]
[BlackElo "2004"]
[PlyCount "52"]

1. c4 d6 2. Nc3 e5 3. g3 Nc6 4. d3 g6 5. Nf3 Bg7 6. Bg2 Nge7 7. Rb1 f5 8. O-O
O-O 9. Nd5 Nd4 10. Bg5 Ndc6 11. b4 h6 12. Nxe7+ Nxe7 13. Be3 Be6 14. Qd2 g5 15.
Qc1 f4 16. gxf4 gxf4 17. Bd2 Ng6 18. Kh1 Kh8 19. e3 Bg4 20. e4 Qd7 21. Rg1 Bf6
22. Qf1 Rg8 23. Ne1 Nh4 24. f3 Nxg2 25. Rxg2 Bh3 26. Rxg8+ Rxg8 0-1

[Event "5eme LUCOPEN"]
[Site "Lille"]
[Date "2014.04.29"]
[Round "2.35"]
[White "Wolfangel, Claude"]
[Black "Stas, Arnould"]
[Result "1/2-1/2"]
[WhiteElo "1742"]
[BlackElo "1995"]
[PlyCount "44"]

1. c4 e5 2. Nc3 Nf6 3. Nf3 Nc6 4. g3 g6 5. Bg2 Bg7 6. O-O O-O 7. d3 d6 8. Rb1
h6 9. b4 Be6 10. Nd2 Qd7 11. Nd5 Bh3 12. Nxf6+ Bxf6 13. Ne4 Kg7 14. Bxh6+ Kxh6
15. Nxf6 Qe6 16. Qd2+ Kg7 17. Nh5+ Kh7 18. Qg5 Bxg2 19. Nf6+ Kg7 20. Nh5+ Kh7
21. Nf6+ Kg7 22. Nh5+ Kh7 1/2-1/2

[Event "5eme LUCOPEN"]
[Site "Lille"]
[Date "2014.04.29"]
[Round "2"]
[White "Caloone, Thomas"]
[Black "Szurhaj, William"]
[Result "1-0"]
[WhiteElo "1973"]
[BlackElo "1735"]
[PlyCount "93"]

1. e4 c5 2. Nf3 g6 3. d4 Bg7 4. Nc3 cxd4 5. Nxd4 Nc6 6. Be3 Nf6 7. Nxc6 bxc6 8.
e5 Ng8 9. Bd4 c5 10. Bxc5 Bxe5 11. Qd5 Bxc3+ 12. bxc3 Rb8 13. Qe5 Nf6 14. Qxb8
O-O 15. Bd3 Qa5 16. Qb4 Qc7 17. O-O d6 18. Bd4 Nd5 19. Qc4 Qb7 20. Rab1 Qa8 21.
Be4 Be6 22. Qd3 Qc8 23. Bxa7 Nf4 24. Qf3 g5 25. Rb8 Qa6 26. Rxf8+ Kxf8 27. g3
Nh3+ 28. Kg2 Qxa7 29. Bf5 Nf4+ 30. gxf4 Bxf5 31. fxg5 Qd7 32. c4 Bg4 33. Qc3
Kg8 34. Rb1 Qc7 35. f3 Be6 36. Qb4 Kg7 37. Qb2+ f6 38. gxf6+ exf6 39. Qb7 Qxb7
40. Rxb7+ Kg6 41. a4 Bxc4 42. a5 Kf5 43. Rc7 Bd5 44. c4 Ba8 45. Rxh7 Kf4 46.
Rh4+ Ke3 47. Re4+ 1-0

[Event "5eme LUCOPEN"]
[Site "Lille"]
[Date "2014.04.29"]
[Round "2"]
[White "Vekemans, Denis"]
[Black "Cleaud, Cyril"]
[Result "1-0"]
[WhiteElo "1954"]
[BlackElo "1730"]
[PlyCount "65"]

1. e4 c5 2. b4 cxb4 3. a3 d5 4. e5 Nc6 5. d4 Qb6 6. Be3 Bf5 7. g4 Bd7 8. Bg2 e6
9. Ne2 bxa3 10. O-O Qb2 11. Nd2 Qb6 12. c4 Nge7 13. Rxa3 Na5 14. c5 Qc7 15. Qa1
Nec6 16. f4 b6 17. Rc1 b5 18. f5 Nb7 19. Nf4 Nbd8 20. Bxd5 exf5 21. Bg2 Rc8 22.
Nd5 Qb8 23. Bf4 Ne6 24. gxf5 Nxf4 25. Nxf4 Nxe5 26. dxe5 Bxc5+ 27. Rxc5 Rxc5
28. e6 fxe6 29. fxe6 O-O 30. exd7 Qxf4 31. Qa2+ Qf7 32. Qxf7+ Kxf7 33. Rf3+ 1-0

[Event "5eme LUCOPEN"]
[Site "Lille"]
[Date "2014.04.29"]
[Round "2.37"]
[White "Perche, Louis"]
[Black "Bourgeois, Florian"]
[Result "0-1"]
[WhiteElo "1734"]
[BlackElo "1986"]
[PlyCount "74"]

1. e4 g6 2. d4 Bg7 3. Nc3 c5 4. dxc5 Bxc3+ 5. bxc3 Nf6 6. e5 Ne4 7. Qd4 Qa5 8.
Bb2 Nxc5 9. Qb4 Nc6 10. Qxa5 Nxa5 11. Nf3 b6 12. c4 O-O 13. Ba3 Ba6 14. Bxc5
bxc5 15. O-O-O Rfd8 16. Rd5 d6 17. exd6 exd6 18. Nd2 Bb7 19. Rd3 Rd7 20. Nb3
Nxb3+ 21. cxb3 Re8 22. Kd2 f5 23. f3 Re6 24. Re3 Rxe3 25. Kxe3 Re7+ 26. Kd2 f4
27. Bd3 Re3 28. Re1 Rxe1 29. Kxe1 Kf7 30. Ke2 Kf6 31. Kd2 h5 32. h4 g5 33.
hxg5+ Kxg5 34. Ke2 Kf6 35. Bh7 Ke5 36. Kd3 h4 37. Bg6 Bxf3 0-1

[Event "5eme LUCOPEN"]
[Site "Lille"]
[Date "2014.04.30"]
[Round "3"]
[White "Bachmann, Axel"]
[Black "Petrosian, Suren"]
[Result "1-0"]
[WhiteElo "2598"]
[BlackElo "2374"]
[PlyCount "79"]
[EventDate "2014.??.??"]

1. e4 c6 2. d4 d5 3. e5 Bf5 4. Nc3 e6 5. g4 Bg6 6. Nge2 Qh4 7. h3 Nd7 8. Be3
Bb4 9. Qd2 h6 10. a3 Ba5 11. Nf4 O-O-O 12. Nxg6 fxg6 13. Qd3 Bxc3+ 14. Qxc3 Ne7
15. Bf4 Rhf8 16. Bg3 Qg5 17. Be2 h5 18. f4 Qh6 19. Bh4 Rf7 20. Bg5 Qh8 21.
O-O-O hxg4 22. hxg4 Qf8 23. Kb1 Kb8 24. Qe3 Rc8 25. Bd3 Qe8 26. Rh7 c5 27. dxc5
Nxc5 28. Rdh1 Nxd3 29. Qxd3 Qa4 30. Rh8 Qe4 31. Bxe7 Rxe7 32. Rxc8+ Kxc8 33.
Rh8+ Kc7 34. Qc3+ Kb6 35. Rc8 Rf7 36. b4 Qh1+ 37. Ka2 Qg1 38. a4 a6 39. a5+ Ka7
40. Rh8 1-0

[Event "5eme LUCOPEN"]
[Site "Lille"]
[Date "2014.04.30"]
[Round "3"]
[White "Lagarde, Maxime"]
[Black "Grove, Michael"]
[Result "1-0"]
[WhiteElo "2510"]
[BlackElo "2071"]
[PlyCount "65"]
[EventDate "2014.??.??"]

1. c4 Nf6 2. Nc3 e5 3. Nf3 Nc6 4. e3 Be7 5. a3 h6 6. Qc2 O-O 7. b4 d6 8. Bb2 a5
9. b5 Nb8 10. Be2 Nbd7 11. O-O Re8 12. Rad1 Bf8 13. d4 exd4 14. exd4 Nb6 15. h3
g6 16. Bd3 Bg7 17. Bc1 Bd7 18. a4 Be6 19. Ne2 d5 20. c5 Nbd7 21. Nf4 Ne4 22.
Rfe1 Ndf6 23. Ne5 Nd7 24. Nxe6 Rxe6 25. Bxe4 dxe4 26. Nxd7 Qxd7 27. d5 Re5 28.
c6 bxc6 29. dxc6 Qe6 30. Bf4 e3 31. Bxe5 exf2+ 32. Qxf2 Bxe5 33. Rd7 1-0

[Event "5eme LUCOPEN"]
[Site "Lille"]
[Date "2014.04.30"]
[Round "3"]
[White "Rouze, Xavier"]
[Black "Koziak, Vitali"]
[Result "0-1"]
[WhiteElo "2084"]
[BlackElo "2509"]
[PlyCount "38"]
[EventDate "2014.??.??"]

1. c4 Nf6 2. g3 c6 3. Bg2 d5 4. Nf3 Bg4 5. Ne5 Be6 6. cxd5 Bxd5 7. Nf3 e5 8.
Nc3 e4 9. Ng5 e3 10. f3 h6 11. Nh3 exd2+ 12. Bxd2 Nbd7 13. Nf4 Bc5 14. Qc2 Qe7
15. Nfxd5 cxd5 16. Qb3 O-O 17. f4 Nb6 18. Bxd5 Nfxd5 19. Nxd5 Qe4 0-1

[Event "5eme LUCOPEN"]
[Site "Lille"]
[Date "2014.04.30"]
[Round "3"]
[White "Bailet, Pierre"]
[Black "Ponnet, Jean"]
[Result "1-0"]
[WhiteElo "2469"]
[BlackElo "1744"]
[PlyCount "56"]
[EventDate "2014.??.??"]

1. d4 Nf6 2. c4 e6 3. Nf3 Bb4+ 4. Nbd2 d5 5. Qa4+ Nc6 6. e3 O-O 7. Bd3 dxc4 8.
Bxc4 a6 9. O-O Bxd2 10. Bxd2 Ne4 11. Be1 Bd7 12. Qc2 f5 13. Qb3 Qc8 14. d5 exd5
15. Bxd5+ Kh8 16. Rc1 Rb8 17. Bc3 Nxc3 18. Qxc3 Ne7 19. Bb3 Nc6 20. Rfd1 Qe8
21. Qc4 Rd8 22. Ng5 Ne5 23. Qxc7 h6 24. Rc5 Rc8 25. Qxe5 Rxc5 26. Qxc5 hxg5 27.
Rxd7 Rf6 28. Qd4 Kh7 1-0

[Event "5eme LUCOPEN"]
[Site "Lille"]
[Date "2014.04.30"]
[Round "3"]
[White "Faure, Stephane"]
[Black "Pancevski, Filip"]
[Result "0-1"]
[WhiteElo "2081"]
[BlackElo "2466"]
[PlyCount "62"]
[EventDate "2014.??.??"]

1. e4 g6 2. d4 Bg7 3. Nc3 a6 4. Bf4 d6 5. Nf3 Bg4 6. Bc4 e6 7. Qd2 Bxf3 8. gxf3
Nc6 9. Be3 d5 10. exd5 Na5 11. Qe2 Nxc4 12. Qxc4 exd5 13. Nxd5 c6 14. Nc3 Ne7
15. O-O-O O-O 16. h4 h5 17. Ne4 Nd5 18. Bg5 Qc7 19. Rhg1 Rfe8 20. Kb1 b5 21.
Qd3 a5 22. Qd2 Kh7 23. Ng3 Qd7 24. Ne4 b4 25. Qd3 a4 26. Bc1 Kg8 27. Rg5 Qa7
28. Rdg1 a3 29. bxa3 Rab8 30. Bd2 Nc3+ 31. Kc1 Qxa3# 0-1

[Event "5eme LUCOPEN"]
[Site "Lille"]
[Date "2014.04.30"]
[Round "3"]
[White "Nouar, Abderahmane"]
[Black "Janev, Evgeni"]
[Result "0-1"]
[WhiteElo "1613"]
[BlackElo "2427"]
[PlyCount "66"]
[EventDate "2014.??.??"]

1. e4 Nf6 2. Bc4 d6 3. Nc3 e5 4. f4 exf4 5. d4 Be7 6. Bxf4 O-O 7. Nf3 Nxe4 8.
O-O Nxc3 9. bxc3 Bf5 10. Qd2 Nd7 11. Rae1 Nb6 12. Bb3 d5 13. Re5 Bg6 14. Rfe1
Bf6 15. Bg5 Bxg5 16. Nxg5 Qd6 17. h4 c6 18. h5 Bxh5 19. Nxh7 Kxh7 20. Rxh5+ Kg8
21. Re3 Rfe8 22. Reh3 f6 23. Rh7 Re4 24. Qd3 Qf4 25. Qd1 Qg5 26. Qf1 Kf7 27. c4
Rae8 28. cxd5 Re1 29. dxc6+ Kg6 30. R3h6+ gxh6 31. Bf7+ Kxh7 32. Bxe8 Qe3+ 33.
Kh2 Rxf1 0-1

[Event "5eme LUCOPEN"]
[Site "Lille"]
[Date "2014.04.30"]
[Round "3"]
[White "Goossens, Hanne"]
[Black "Malaret, Simeon"]
[Result "1-0"]
[WhiteElo "2112"]
[BlackElo "1557"]
[PlyCount "55"]
[EventDate "2014.??.??"]

1. e4 e5 2. Nf3 Nc6 3. Bb5 d6 4. c3 Bd7 5. O-O Nf6 6. Re1 a6 7. Ba4 b5 8. Bc2
g6 9. d4 Bg7 10. Nbd2 O-O 11. d5 Ne7 12. c4 c6 13. dxc6 Bxc6 14. Bb3 Nd7 15.
cxb5 Bxb5 16. Nc4 Bxc4 17. Bxc4 Nb6 18. Bb3 Re8 19. Be3 Rc8 20. Rc1 Rxc1 21.
Qxc1 Nd7 22. Qc4 Rf8 23. Qxa6 Nb8 24. Qd3 Qd7 25. Ng5 h6 26. Nxf7 Rxf7 27.
Bxf7+ Kxf7 28. Qb3+ 1-0

[Event "5eme LUCOPEN"]
[Site "Lille"]
[Date "2014.04.30"]
[Round "3"]
[White "Shved, Vassili"]
[Black "Dumas, Victor"]
[Result "0-1"]
[WhiteElo "1518"]
[BlackElo "2082"]
[PlyCount "46"]
[EventDate "2014.??.??"]

1. e4 e5 2. d4 exd4 3. Qxd4 Nc6 4. Qe3 b6 5. Nc3 Bc5 6. Qg3 Nf6 7. Bc4 Qe7 8.
Bg5 Nxe4 9. Bxe7 Nxg3 10. Bxc5 Nxh1 11. Be3 Bb7 12. Nf3 O-O-O 13. O-O-O Ne7 14.
Rxh1 d5 15. Be2 Ng6 16. Rd1 f6 17. Nb5 Kb8 18. c4 a6 19. Nc3 dxc4 20. Bxc4
Rxd1+ 21. Kxd1 Rd8+ 22. Ke2 Re8 23. g3 Bxf3+ 0-1

[Event "5eme LUCOPEN"]
[Site "Lille"]
[Date "2014.04.30"]
[Round "3"]
[White "Smith, Axel"]
[Black "Allemand, Christian"]
[Result "1-0"]
[WhiteElo "2478"]
[BlackElo "1775"]
[PlyCount "43"]
[EventDate "2014.??.??"]

1. e4 c5 2. Nc3 Nc6 3. Bb5 a6 4. Bxc6 dxc6 5. d3 Nf6 6. f4 g6 7. Nf3 Bg7 8. O-O
O-O 9. Qe1 Bg4 10. Ne5 Bc8 11. Be3 Ng4 12. Nxg4 Bxg4 13. Bxc5 Bd7 14. Qf2 b5
15. e5 f5 16. exf6 Bxf6 17. Rae1 Rf7 18. Ne4 Bxb2 19. c3 Bf5 20. Qxb2 Qxd3 21.
Ng5 Rg7 22. Bd4 1-0

[Event "5eme LUCOPEN"]
[Site "Lille"]
[Date "2014.04.30"]
[Round "3"]
[White "Shirazi, Kamran"]
[Black "Declercq, Jean"]
[Result "1-0"]
[WhiteElo "2366"]
[BlackElo "1770"]
[PlyCount "61"]
[EventDate "2014.??.??"]

1. e4 c6 2. Bc4 d5 3. Bb3 e6 4. d4 dxe4 5. Nc3 Nf6 6. f3 Bb4 7. fxe4 e5 8. a3
Ba5 9. Nge2 Bg4 10. Be3 Nbd7 11. h3 Bh5 12. Qd3 Bxe2 13. Qxe2 Qe7 14. O-O O-O
15. d5 Bxc3 16. bxc3 Nxe4 17. dxc6 bxc6 18. Qc4 Ndc5 19. Ba2 Rad8 20. Rf3 a5
21. Raf1 Rd5 22. Kh2 Qd7 23. Bxc5 Nxc5 24. Qe2 f6 25. Qxe5 Kh8 26. Bxd5 cxd5
27. c4 Rd8 28. cxd5 Kg8 29. Qh5 Qd6+ 30. Kh1 Ne4 31. Qg4 1-0

[Event "5eme LUCOPEN"]
[Site "Lille"]
[Date "2014.04.30"]
[Round "3"]
[White "Cleaud, Cyril"]
[Black "Dominguez Pons, Eric"]
[Result "0-1"]
[WhiteElo "1730"]
[BlackElo "2335"]
[PlyCount "60"]
[EventDate "2014.??.??"]

1. e4 c6 2. d4 d5 3. e5 c5 4. c3 Nc6 5. Nf3 Bg4 6. Bb5 e6 7. O-O Qb6 8. Qa4
Bxf3 9. gxf3 cxd4 10. cxd4 Nge7 11. Bd2 a6 12. Bxc6+ Nxc6 13. Bc3 Be7 14. Nd2
O-O 15. Qb3 Qa7 16. Rad1 b5 17. a3 Nxd4 18. Bxd4 Qxd4 19. Rfe1 Qh4 20. Qe3 Bg5
21. Qd3 Bf4 22. Nf1 Qg5+ 23. Kh1 Bxe5 24. Ng3 Bxb2 25. Kg2 Qg6 26. Qb3 Bf6 27.
f4 Rac8 28. Rd3 Rc4 29. f5 exf5 30. Kh1 f4 0-1